25 rokov úspešnej práce výrobného družstva Rozvoj v Kysuckom Novom Meste 1950-1975

Bibliographic Details
Other Authors: Milov, M. J., 1913-1978 (Compiler)
Format: Book
Language:Slovak
PhysicalDescription:72 s. 20x21 cm
Published: Praha Svépomoc 1975
Subjects:

MARC

LEADER 00000nam a2200000 a 4500
001 vtls001304384
003 SK-MaSNL
005 20260301004930.0
008 250312s1975 xo a slo
035 |a SNK000256579 
035 |a urn:nbn:sk:snk-amlpfd 
035 |a urn:nbn:sk:snk-am00c2cg 
035 |a A73B2B5C-C7CA-4A25-B239-FCC73FCD6258 
040 |a SNK  |b slo  |c SNK  |e AACR2 
041 0 |a slo 
044 |a xo  |c SK 
080 |a 334.6:685.3(437.645-21)"1950/1975"  |2 1981 
245 0 0 |a 25 rokov úspešnej práce výrobného družstva Rozvoj v Kysuckom Novom Meste 1950-1975  |c [zostavil M.J. Milov] 
260 |a Praha  |b Svépomoc  |c 1975 
300 |a 72 s.  |c 20x21 cm 
500 |a Vydala slovenská redakcia v Bratislave 
610 2 7 |a Rozvoj (Kysucké Nové Mesto,Slovensko)  |2 SNKKA  |9 288476 
648 7 |a 1950-1975  |2 SNKPH  |9 288477 
650 0 7 |a výrobné družstvá  |2 SNKPH  |9 2136 
651 7 |a Kysucké Nové Mesto (Slovensko)  |2 SNKPHgeo  |9 39632 
700 1 |a Milov, M. J.,  |d 1913-1978  |4 com  |9 212729 
852 |a Slovenská národná knižnica 
958 |a OND 
999 |c 543738  |d 545668 
952 |t P60, <03>, [BOOK], {603}  |a SNK  |b SNK  |y PREZ  |7 0  |p 17A0100039  |o snkSD 69018  |i snkD 1118/97  |0 0  |1 0  |4 0  |d 1997-09-30  |f 1  |l 0  |r 2005-01-02 00:00:00  |w 2026-02-23